00587nam a2200181 a 450000500170000000800410001704100080005808200180006610000260008424501590011026000260026930000100029565000160030565000110032165000280033266200230036070000220038320200104041520.0140226b1978 ck ||||| |||| 00| 0 spa d aspa04a641.357bS16i aSalas, Gonzalo de las aInfluencia del factor edáfico en el crecimiento inicial del laurel (Cordia alliodora) (R. Pav.) (Oken) en las terrazas del río Mira, Nariño Colombia aBogotábCONIFc1978 a50 p. aCrecimiento aSuelos aPlantaciones forestales aColombiabNariño aFranco, José M.